| 000 | 01129nam a2200229Ia 4500 | ||
|---|---|---|---|
| 001 | 615 | ||
| 003 | GE_BSU | ||
| 008 | 181216s||||||||xx |||||||||||||| ||und|| | ||
| 020 | _a9992843373 | ||
| 040 | _cGE_BSU | ||
| 080 | _a1(063) | ||
| 245 | _aინსტიტუტის დაარსების 60 წლისთავისადმი მიძღვნილი სამეცნიერო კონფერენციის მასალები(თბილისი,2მაისი,2006) | ||
| 245 | _bსავლე წერეთლის ფილოსოფიის ინსტიტუტი | ||
| 245 | _cრედ. ირაკლი კალანდია,მიხეილ მახარაძე | ||
| 260 | _aბათუმი | ||
| 260 | _bალიონი | ||
| 260 | _c2007 | ||
| 300 | _a143გვ. | ||
| 541 | _h5ლ. | ||
| 653 | _aინსტიტუტის დაარსების 60 წლისთავისადმი მიძღვნილი სამეცნიერო კონფერენციის მასალები | ||
| 942 | _cBK | ||
| 999 |
_c34805 _d34805 |
||